Match the football club to the Asian country - Statistics

General Stats
  • This quiz has been taken 39 times
  • The average score is 19 of 44
Answer Stats
Hint Extra Hint Explanation Answer % Correct
Nagoya Grampus Nickname: "Grampus Eight" Japan
90%
Guangzhou Dandelion Alpha China
87%
May 22 San'a Yemen
84%
Hyundai Steel Red Angels Women's Football Club Incheon South Korea
81%
Orthodox Amman A women's team Jordan
77%
Everest Club Chitwan Bharatpur Nepal
77%
Al-Ittihad Jeddah Saudi Arabia
77%
1461 Trabzon Turkey
77%
Manama Club Bahrain
71%
Bnei M.M.B.E. HaGolan VeHaGalil (מועדון ספורט בני "ממבע" הגולן והגליל) Buqa'ata, Golan Heights Israel
71%
Noah Town: Armavir Armenia
65%
Qarabağ Baku Azerbaijan
65%
Rongseemaechaithanachotiwat Phayao (สโมสรฟุตบอลโรงสีแม่ใจธนะโชติวัฒน์ พะเยา) Mueang Thailand
65%
Kerala Blasters Kochi India
61%
Lusail Sports Club (لوسيل) Qatar
61%
Thep Xanh Nam Dinh Nam Dinh Vietnam
52%
National Kaohsiung Normal University Taiwan
48%
Sindh Government Press Karachi Pakistan
45%
Al Ethihad Abu Dhabi UAE
42%
Amnokgang Affiliated with the Ministry of People's Security North Korea
39%
Xorazm Urganch Urganch Uzbekistan
39%
Yadanarbon (ရတနာပုံ ဘောလုံး အသင်) Nicknamed "Boxing Cakes" Mandalay Myanmar
35%
Mtskheta Kojaeli Mtskheta Georgia
32%
Merw Mary Bedenterbiýe-Sport Futbol Kluby Mary Turkmenistan
32%
Sheikh Russel KC শেখ রাসেল ক্রীড়া চক্র) Dhaka Bangladesh
29%
Al-Salmiya Nicknamed the "Terrible Troublers" Salmiya Kuwait
29%
Zhashtyk-Ak-Altyn Kara-Suu Their name means white-gold youth of Kara-Suu, Kara-Suu meaning black water Kara-Suu Kyrgyzstan
29%
Gaelic Lions Balotelitubbies Singapore
29%
Persatuan Sepakbola Angkatan Darat Kodam/IX Udayana Denpasar Indonesia
26%
Caspiy FC Nicknamed the "Sailors" Aktau Kazakhstan
26%
Deren (Дэрэн) Mongolia
23%
Dynamic Herb Cebu City Philippines
23%
Zarafshon Panjakent Panjakent Tajikistan
23%
Abu Muslim FC (Bâšgâh-e Futbâl-e Abu-Muslim) Farah Afghanistan
19%
Bulgária Dili East Timor
19%
Young Elephants (ສະໂມສອນບານເຕະ ຊ້າງນ້ອຍ) Vientiane Laos
19%
Nik Sewerage Enterprise Seri Kembangan Malaysia
19%
Al-Musannah Oman
16%
Al-Jihad Nicknamed "The Bogey of the North" Qamishli Syria
13%
Pars Jonoubi Jam Nicknamed "South Bees" Jam Iran
10%
High Quality United Thimphu Bhutan
6%
Hoist Brunei
6%
Nokorbal Cheat National Police team Cambodia
6%
Super Girls Tyre Lebanon
6%
No matching quizzes found
Score Distribution
Percent of People with Each Score
Percentile by Number Answered
Your Score History
You have not taken this quiz